000 00610nam a2200217 a 4500
001 BRL_885
005 20190320210935.0
008 231013s1961----ii-a######---#000-0#eng-#
041 _aeng
044 _aII
050 4 _aN3720.T3
_b.T36 1961
245 1 0 _aThe Tanjore Art Gallery
_bguide book, ilustrated
260 _aTanjore, India
_bThe Tanjore Art Gallery Administrative Committee
_c1961
300 _a56 p.
_bil.
_c21 cm.
500 _aAu1064
610 2 4 _aThe Tanjore Art Gallery
_925237
650 1 4 _aArte hindu
_917887
650 1 4 _aMuseos
_zTanjore (India)
_925238
902 _aGRL
942 _2lcc
_cB
999 _c9697
_d9697